|
|
|
|
| LEADER |
01305nam a2200265 a 4500 |
| 001 |
1824414 |
| 008 |
100330s1979 bg a b 001 0 eng d |
| 999 |
|
|
|c 7947
|d 7947
|
| 010 |
|
|
|a 79905289
|
| 040 |
|
|
|a DLC
|c DLC
|d DLC
|
| 082 |
0 |
0 |
|a 306.83095492
|2 19
|
| 100 |
1 |
|
|a Aziz, K. M. Ashraful.
|9 29492
|
| 245 |
1 |
0 |
|a Kinship in Bangladesh /
|c K. M. Ashraful Aziz.
|
| 260 |
|
|
|a Dacca :
|b International Centre for Diarrhoeal Disease Research, Bangladesh,
|c 1979.
|
| 300 |
|
|
|a xviii, 228 pages :
|b illustrations ;
|c 25 cm.
|
| 490 |
1 |
|
|a Monograph series - International Centre for Diarrhoeal Disease Research, Bangladesh ; no. 1
|
| 500 |
|
|
|a A revision of the author's thesis (M.A.), University of Rajshahi, under the title: Kin terminologies and family structures of Muslims and Hindus in Matlab Thānā and neighbourhood, rural Bangladesh.
|
| 504 |
|
|
|a Includes Bibliography (p. 216-221.) and index.
|
| 541 |
1 |
|
|e 00000172
|
| 650 |
|
0 |
|a Kinship
|z Bangladesh.
|9 29493
|
| 650 |
|
0 |
|a Kinship
|x Terminology.
|9 29494
|
| 651 |
|
0 |
|a Bangladesh
|x Social life and customs.
|9 29495
|
| 852 |
4 |
|
|a Ayesha Abed Library
|j General shelf
|
| 942 |
|
|
|2 ddc
|c BK
|
| 952 |
|
|
|0 0
|1 0
|2 ddc
|4 0
|6 306_830954920000000_AZI_1979
|7 0
|9 8960
|a BRACUL
|b BRACUL
|c GEN
|d 2010-04-04
|g 100.00
|l 1
|o 306.83095492 AZI
|p 3010000172
|r 2017-12-06
|s 2017-11-28
|t 1
|w 2010-04-04
|y BK
|